=LDR 00000nam 2200000 4500 =001 INLIS000000000015392 =005 20130612110654 =008 ***********************************Ind** =035 ##$$0010-061300000015392 =041 ##$$a Ind =082 ##$$a 651.5 =090 ##$$a 651.5, MOR-s =100 ##$$a Morton, Gillian =245 ##$$a Sekretaris Yang Suskses, Dua Arah Pengembangan Karir, Gillian Morton, Sheilla T. Stauwel =260 ##$$a 1979 $b Jakarta =300 ##$$a 152 hlm, Ilus, 21 cm =650 ##$$a Sekretaris =700 ##$$a Stawel, Sheila T =850 ##$$a NBPNMAT